| 000 | 00546nam a2200145Ia 4500 | ||
|---|---|---|---|
| 008 | 140724s9999 xx 000 0 und d | ||
| 050 |
_aHF 5415 _b.G216 2012 |
||
| 100 | _aGarcia, Rafael Marco G. | ||
| 245 | 2 |
_aA marketing research and analysis on the acceptability for McDonuts as a new possible product for McDonalds / _cRafael Marco G. Garcia. |
|
| 260 |
_aLas PiƱas, Philippines : _bSouthville International School and Colleges, _cc2012. |
||
| 300 |
_a53 p. : _bcol. ill. ; _c28 cm. |
||
| 521 | _aMarketing | ||
| 942 | _cTH | ||
| 999 |
_c228669 _d228669 |
||